Silent September / (Record no. 2675)

MARC details
000 -LEADER
fixed length control field 00925cam a2200289 a 4500
001 - CONTROL NUMBER
control field 3786235
003 - CONTROL NUMBER IDENTIFIER
control field GBCCL
005 - DATE AND TIME OF LATEST TRANSACTION
control field 20241126110436.0
008 - FIXED-LENGTH DATA ELEMENTS--GENERAL INFORMATION
fixed length control field 840418s1984 txu 000 0 eng
010 ## -
-- 84007490
020 ## - INTERNATIONAL STANDARD BOOK NUMBER
International Standard Book Number 0849903777 :
Terms of availability $10.00
040 ## - CATALOGING SOURCE
Original cataloging agency DLC
Transcribing agency DLC
Modifying agency DLC
050 00 -
-- BV4909
-- .L26 1984
082 00 - DEWEY DECIMAL CLASSIFICATION NUMBER
Classification number 248.86
Edition information 19
Item number LAN
100 1# - MAIN ENTRY--PERSONAL NAME
Personal name Landorf, Joyce.
9 (RLIN) 5632
245 10 - TITLE STATEMENT
Title Silent September /
Statement of responsibility, etc. Joyce Landorf.
260 ## - PUBLICATION, DISTRIBUTION, ETC.
Place of publication, distribution, etc. Waco, Tex. :
Name of publisher, distributor, etc. Word Books,
Date of publication, distribution, etc. c1984.
300 ## - PHYSICAL DESCRIPTION
Extent 63 p. ;
Dimensions 20 cm.
490 1# - SERIES STATEMENT
Series statement From the heart
600 10 - SUBJECT ADDED ENTRY--PERSONAL NAME
Personal name Heatherley, Joyce Landorf.
9 (RLIN) 5300
650 #0 - SUBJECT ADDED ENTRY--TOPICAL TERM
Topical term or geographic name entry element Consolation.
9 (RLIN) 348
650 #0 - SUBJECT ADDED ENTRY--TOPICAL TERM
Topical term or geographic name entry element Suffering
General subdivision Religious aspects
-- Christianity.
9 (RLIN) 472
650 #0 - SUBJECT ADDED ENTRY--TOPICAL TERM
Topical term or geographic name entry element Temporomandibular joint
General subdivision Diseases
-- Patients
Geographic subdivision United States
General subdivision Biography.
9 (RLIN) 5633
800 1# -
-- Heatherley, Joyce Landorf.
-- From the heart.
-- 5634
906 ## - LOCAL DATA ELEMENT F, LDF (RLIN)
a 7
b cbc
c orignew
d 1
e ocip
f 19
g y-gencatlg
942 ## - ADDED ENTRY ELEMENTS (KOHA)
Source of classification or shelving scheme Dewey Decimal Classification
Koha item type Books
Holdings
Withdrawn status Lost status Source of classification or shelving scheme Damaged status Not for loan Home library Current Library Shelving location Date acquired Total checkouts Full call number Barcode Date last seen Copy number Price effective from Koha item type
    Dewey Decimal Classification     GRACE BIBLE COLLEGE GRACE BIBLE COLLEGE Ministry & Mission 2017-09-12   248.86 LAN 008102 2025-05-01 c.1 2017-09-12 Books
© Grace Bible College Library 2025